<?xml version="1.0" encoding="UTF-8"?>
<collection xmlns="http://www.loc.gov/MARC21/slim">
 <record>
  <leader>00959nta a2200181 i 4500</leader>
  <controlfield tag="001">dipl87620</controlfield>
  <controlfield tag="005">20200521124408.0</controlfield>
  <controlfield tag="008">200519s2019    hu      om    0||   zxx d</controlfield>
  <datafield tag="040" ind1=" " ind2=" ">
   <subfield code="a">SZTE Diploma Repozitórium</subfield>
   <subfield code="b">hun</subfield>
  </datafield>
  <datafield tag="041" ind1=" " ind2=" ">
   <subfield code="a">zxx</subfield>
  </datafield>
  <datafield tag="100" ind1="1" ind2=" ">
   <subfield code="a">Burgel Cristina Laura</subfield>
  </datafield>
  <datafield tag="245" ind1="1" ind2="4">
   <subfield code="a">The Experience of War in Ernest Hemingway’s A Farewell to Arms and Kurt Vonnegut’s Slaughterhouse-Five </subfield>
   <subfield code="h">[elektronikus dokumentum] :</subfield>
   <subfield code="b">The Representation of Trauma through Language /</subfield>
   <subfield code="c">Cristina Laura Burgel</subfield>
  </datafield>
  <datafield tag="246" ind1="1" ind2="0">
   <subfield code="a">The Experience of War in Ernest Hemingway’s A Farewell to Arms and Kurt Vonnegut’s Slaughterhouse-Five : The Representation of Trauma through Language</subfield>
   <subfield code="h">[elektronikus dokumentum]</subfield>
  </datafield>
  <datafield tag="260" ind1=" " ind2=" ">
   <subfield code="c">2019</subfield>
  </datafield>
  <datafield tag="650" ind1=" " ind2="4">
   <subfield code="a">Bölcsészettudományok</subfield>
  </datafield>
  <datafield tag="650" ind1=" " ind2="4">
   <subfield code="a">Literary theory and comparative literature, literary styles</subfield>
  </datafield>
  <datafield tag="700" ind1="1" ind2=" ">
   <subfield code="a">Kovács Ágnes Zsófia</subfield>
   <subfield code="e">ths</subfield>
  </datafield>
  <datafield tag="856" ind1="4" ind2="0">
   <subfield code="u">http://diploma.bibl.u-szeged.hu/id/eprint/87620/2/2019_burgel_cristina_laura.pdf</subfield>
   <subfield code="z">Dokumentum-elérés </subfield>
  </datafield>
 </record>
</collection>
